000 00378cam a22001337a 4500
008 180718b1958 xxu||||| |||| 00| 0 eng d
082 _aP9053 L239
245 _aEncyclopedia of librarianship
_cedited by Thomas Landau
260 _aLondon
_bBowes & Bowes
_c1958
300 _a334p.
500 _a63/-
650 _aLibrary Science - Encyclopedias
700 _aLandau, Thomas, ed.
999 _c370172
_d370172